| 000 | 00627nam a2200181Ia 4500 | ||
|---|---|---|---|
| 003 | GCL | ||
| 008 | 140319s9999 xx 000 0 ara d | ||
| 040 |
_aGCL / _cGCL |
||
| 082 | 0 | 4 |
_aق _b962.064 _bج ت |
| 100 | 1 | _aجمال عبدالناصر | |
| 245 | 1 | 0 |
_aالتحول العظيم / _cجمال عبدالناصر |
| 260 |
_aالقاهرة : _bالدار القومية للطباعة والنشر |
||
| 300 | _a94 ص | ||
| 490 |
_aكتب قومية _v0 |
||
| 650 | 0 | 4 | _aثورة 23 يوليو 1952 |
| 650 | 0 | 4 | _aمصر - تاريخ - العصر الحديث - جمال عبدالناصر ( 1954-1970 ) |
| 942 |
_2ddc _cBK |
||
| 999 |
_c45713 _d45713 |
||